[Event "FICS rated blitz game"]
[Site "FICS freechess.org"]
[Date "2018.01.27"]
[Round "?"]
[White "torontotryer"]
[Black "pawnstarrr"]
[Result "0-1"]
[WhiteElo "1050"]
[BlackElo "1147"]
[PlyCount "74"]
[EventDate "2018.??.??"]
[EventType "blitz"]

1. e4 e5 2. Nf3 Nc6 3. c3 Nf6 4. d3 d5 5. Be2 dxe4 6. dxe4 Qxd1+ 7. Bxd1 Nxe4
8. O-O Bc5 9. Be3 Bxe3 10. fxe3 O-O 11. Bc2 Nf6 12. Nbd2 Ng4 13. Rfe1 f5 14. h3
Nf6 15. Bb3+ Kh8 16. Rad1 b5 17. Ng5 h6 18. Ngf3 Bb7 19. Nf1 a5 20. a3 Rad8 21.
Rxd8 Rxd8 22. Rd1 Rxd1 23. Bxd1 e4 24. Nd4 Nxd4 25. cxd4 Nd5 26. Bb3 Nf6 27.
Kf2 Kh7 28. g3 g5 29. Be6 Kg6 30. Nd2 Bd5 31. Bxd5 Nxd5 32. Nb3 a4 33. Nc5 h5
34. Ne6 Kf6 35. Nc5 c6 36. g4 hxg4 37. hxg4 Nb6 0-1

[Event "FICS rated blitz game"]
[Site "FICS freechess.org"]
[Date "2018.01.27"]
[Round "?"]
[White "morts"]
[Black "Mitowais"]
[Result "1-0"]
[WhiteElo "1125"]
[BlackElo "1171"]
[PlyCount "77"]
[EventDate "2018.??.??"]
[EventType "blitz"]

1. e4 e5 2. Nf3 Nc6 3. c3 d6 4. d3 Bg4 5. Nbd2 Be7 6. g3 Nf6 7. Bg2 Qd7 8. O-O
O-O 9. Qb3 Na5 10. Qc2 c5 11. b4 cxb4 12. cxb4 Nc6 13. Qa4 a6 14. Ba3 b5 15.
Qc2 Rac8 16. Qb3 Rc7 17. h4 Rfc8 18. Rac1 Nd8 19. Ng5 Rxc1 20. Rxc1 Rxc1+ 21.
Bxc1 Qc6 22. Ba3 h6 23. Ngf3 Ne6 24. Nh2 Nd4 25. Qb2 Nc2 26. Nxg4 Nxg4 27. Qc1
Qc3 28. Bb2 Qxd3 29. Nf3 Nxb4 30. Ba3 Nc2 31. Bf1 Qc3 32. Nh2 b4 33. Nxg4 Nxa3
34. Qd1 Qd4 35. Qe1 Nc2 36. Qe2 Bd8 37. Qxc2 Bb6 38. Qc8+ Kh7 39. Qf5+ 1-0

[Event "FICS rated blitz game"]
[Site "FICS freechess.org"]
[Date "2018.01.27"]
[Round "?"]
[White "Uddo"]
[Black "ZonaGrad"]
[Result "0-1"]
[WhiteElo "1489"]
[BlackElo "1487"]
[PlyCount "70"]
[EventDate "2018.??.??"]
[EventType "blitz"]

1. e4 e5 2. Nf3 Nc6 3. c3 Bc5 4. d4 exd4 5. cxd4 Bb6 6. Nc3 d6 7. a3 Nge7 8.
Bb5 Bd7 9. O-O O-O 10. Be3 Ng6 11. Re1 Nce7 12. Bd3 c6 13. Qc2 Bg4 14. Nd2 d5
15. e5 Be6 16. Nf3 Bg4 17. Nd2 Be6 18. Bg5 Qe8 19. Na4 Bxd4 20. Nf3 Bb6 21.
Nxb6 axb6 22. h4 Bg4 23. Re3 Bxf3 24. Rxf3 h6 25. Bxg6 Nxg6 26. h5 hxg5 27.
hxg6 Qxe5 28. gxf7+ Rxf7 29. Rxf7 Kxf7 30. Qd2 Re8 31. Kf1 g4 32. g3 Qe4 33.
Kg1 Rh8 34. f4 Rh1+ 35. Kf2 Rxa1 {White resigns} 0-1

[Event "FICS rated standard game"]
[Site "FICS freechess.org"]
[Date "2018.01.27"]
[Round "?"]
[White "roncyg"]
[Black "MRKumar"]
[Result "1/2-1/2"]
[WhiteElo "1652"]
[BlackElo "1774"]
[PlyCount "61"]
[EventDate "2018.??.??"]

1. e4 e5 2. Nf3 Nc6 3. c3 Bc5 4. d4 exd4 5. cxd4 Bb6 6. Nc3 h6 7. Be2 Nge7 8.
O-O d6 9. Be3 Ng6 10. Nd5 O-O 11. Nxb6 axb6 12. a3 f5 13. exf5 Bxf5 14. Rc1 Nh4
15. Nxh4 Qxh4 16. Bf3 Rf6 17. Bxc6 bxc6 18. Rxc6 Rg6 19. Rxc7 Qh3 20. g3 Be4
21. Qb3+ d5 22. f3 Rxg3+ 23. hxg3 Qxg3+ 24. Kh1 Qh3+ 25. Kg1 Qg3+ 26. Kh1 Qh3+
27. Kg1 Qg3+ 28. Kh1 Qh3+ 29. Kg1 Qg3+ 30. Kh1 Qh3+ 31. Kg1 1/2-1/2

[Event "FICS rated blitz game"]
[Site "FICS freechess.org"]
[Date "2018.01.27"]
[Round "?"]
[White "Uddo"]
[Black "nadifa"]
[Result "0-1"]
[WhiteElo "1493"]
[BlackElo "1418"]
[PlyCount "68"]
[EventDate "2018.??.??"]
[EventType "blitz"]

1. e4 e5 2. Nf3 Nc6 3. c3 d6 4. d4 Bg4 5. Be2 Nf6 6. dxe5 Nxe5 7. Nxe5 Bxe2 8.
Nxf7 Kxf7 9. Qxe2 Be7 10. O-O Rf8 11. f3 Kg8 12. Be3 c6 13. Nd2 b6 14. Rad1 Qc7
15. b3 Rae8 16. c4 d5 17. cxd5 cxd5 18. Rc1 Qb7 19. e5 Nh5 20. f4 Bc5 21. Bxc5
bxc5 22. Qxh5 Qd7 23. Rxc5 Rf5 24. Qf3 Ref8 25. Qxd5+ Qxd5 26. Rxd5 g5 27. Rd4
gxf4 28. Nf3 h5 29. h3 Re8 30. Re1 Kf7 31. Rd7+ Ke6 32. Rxa7 Rd8 33. Ra6+ Kf7
34. e6+ Ke7 0-1

[Event "FICS rated blitz game"]
[Site "FICS freechess.org"]
[Date "2018.01.27"]
[Round "?"]
[White "capricornus"]
[Black "prnaik"]
[Result "0-1"]
[WhiteElo "1350"]
[BlackElo "1362"]
[PlyCount "58"]
[EventDate "2018.??.??"]
[EventType "blitz"]

1. e4 e5 2. Nf3 Nc6 3. c3 Nf6 4. d3 d5 5. exd5 Nxd5 6. Be2 Be7 7. b4 a6 8. a4
Bf6 9. Qc2 O-O 10. O-O Nf4 11. Bxf4 exf4 12. Nbd2 Nxb4 13. cxb4 Bxa1 14. Rxa1
Re8 15. Ne4 Bf5 16. Nc5 b6 17. Ne4 Qe7 18. Nfg5 h6 19. Nf3 Bxe4 20. dxe4 Qxe4
21. Bd3 Qxb4 22. Qxc7 Rac8 23. Qd7 Qc3 24. Rf1 Rcd8 25. Qb7 Qxd3 26. Qxb6 Rb8
27. Qc6 Qxf1+ 28. Kxf1 Rb1+ 29. Ne1 Rexe1# {White checkmated} 0-1

[Event "FICS rated standard game"]
[Site "FICS freechess.org"]
[Date "2018.01.27"]
[Round "?"]
[White "proximab"]
[Black "GayanovK"]
[Result "1-0"]
[WhiteElo "2159"]
[BlackElo "1828"]
[PlyCount "71"]
[EventDate "2018.??.??"]

1. e4 e5 2. Nf3 Nc6 3. c3 Bc5 4. b4 Bb6 5. b5 Na5 6. d4 exd4 7. cxd4 d6 8. Qa4
c6 9. Nc3 Bd7 10. Bf4 Bc7 11. O-O-O Ne7 12. d5 c5 13. e5 Nc8 14. Bg5 f6 15.
exf6 gxf6 16. Re1+ Kf7 17. Bh4 Re8 18. Bd3 Rxe1+ 19. Rxe1 a6 20. Bxh7 axb5 21.
Qe4 f5 22. Bxd8 fxe4 23. Ng5+ Kg7 24. Bxc7 b4 25. Ncxe4 Nc4 26. Kb1 Ne7 27.
Nxc5 Nxd5 28. Nxd7 Nc3+ 29. Kc2 Rxa2+ 30. Kd3 b5 31. Kd4 Rd2+ 32. Bd3 Nb2 33.
Re7+ Kh6 34. Rh7+ Kxg5 35. Bd8+ Kf4 36. Rh4# {Black checkmated} 1-0

[Event "FICS rated blitz game"]
[Site "FICS freechess.org"]
[Date "2018.01.27"]
[Round "?"]
[White "Dinset"]
[Black "atKnight"]
[Result "0-1"]
[WhiteElo "1416"]
[BlackElo "1314"]
[PlyCount "66"]
[EventDate "2018.??.??"]
[EventType "blitz"]

1. e4 e5 2. Nf3 Nc6 3. c3 d5 4. exd5 Qxd5 5. Be2 Nf6 6. O-O Bc5 7. c4 Qd8 8.
Nc3 O-O 9. a3 Bg4 10. d3 Qd7 11. Bg5 h6 12. Bxf6 gxf6 13. Ne4 Be7 14. Qd2 Kh7
15. h3 Bh5 16. Nh2 Bxe2 17. Qxe2 Rg8 18. Qh5 Rg6 19. Ng4 f5 20. Nxh6 Rxh6 21.
Qxf7+ Kh8 22. Ng5 Rf8 23. Qd5 Qxd5 24. cxd5 Bxg5 25. dxc6 bxc6 26. Rae1 Bf6 27.
f4 Re8 28. fxe5 Bxe5 29. Rc1 Bd4+ 30. Kh1 Re2 31. Rxf5 Rg6 32. Rcf1 Rgxg2 33.
Rh5+ Kg7 {White resigns} 0-1

[Event "FICS rated blitz game"]
[Site "FICS freechess.org"]
[Date "2018.01.27"]
[Round "?"]
[White "ToreTang"]
[Black "umbeebmu"]
[Result "0-1"]
[WhiteElo "1182"]
[BlackElo "1093"]
[PlyCount "56"]
[EventDate "2018.??.??"]
[EventType "blitz"]

1. e4 e5 2. Nf3 Nc6 3. c3 Bc5 4. b4 Be7 5. a4 a6 6. Na3 Nf6 7. d3 O-O 8. Bb2 d5
9. exd5 Nxd5 10. Nc4 Bg5 11. Be2 Nf4 12. O-O Bf5 13. d4 exd4 14. cxd4 Nxe2+ 15.
Qxe2 Re8 16. Qd1 Nxb4 17. Ne3 Bd3 18. Re1 Bxe3 19. Rxe3 Bc2 20. Qd2 Rxe3 21.
fxe3 Qf6 22. Qxb4 a5 23. Qxb7 Re8 24. Rf1 Bd3 25. Re1 Be4 26. Ne5 Bxb7 27. Rf1
Qg5 28. Bc1 Qxg2# {White checkmated} 0-1

[Event "FICS rated blitz game"]
[Site "FICS freechess.org"]
[Date "2018.01.27"]
[Round "?"]
[White "kungzeb"]
[Black "akx"]
[Result "1-0"]
[WhiteElo "1791"]
[BlackElo "1841"]
[PlyCount "67"]
[EventDate "2018.??.??"]
[EventType "blitz"]

1. e4 e5 2. Nf3 Nc6 3. c3 Nf6 4. d4 exd4 5. e5 Nd5 6. cxd4 Bb4+ 7. Bd2 Bxd2+ 8.
Nbxd2 d6 9. Bb5 dxe5 10. Nxe5 O-O 11. Nxc6 bxc6 12. Bxc6 Qe7+ 13. Kf1 Nb4 14.
Bxa8 Ba6+ 15. Kg1 Rxa8 16. h4 Bd3 17. Rh3 Nc2 18. Rc1 Bg6 19. Rxc2 Bxc2 20.
Qxc2 Qe1+ 21. Nf1 Re8 22. Re3 Rxe3 23. fxe3 h6 24. Qxc7 Qxh4 25. Qc8+ Kh7 26.
Qf5+ Kg8 27. d5 Qe1 28. d6 Qd1 29. d7 g6 30. Qb5 Kg7 31. Qe5+ Kh7 32. Qe8 h5
33. d8=Q Kh6 34. Qxd1 {Black resigns} 1-0

[Event "FICS rated blitz game"]
[Site "FICS freechess.org"]
[Date "2018.01.27"]
[Round "?"]
[White "Nahka"]
[Black "bodensee"]
[Result "0-1"]
[WhiteElo "1835"]
[BlackElo "1783"]
[PlyCount "116"]
[EventDate "2018.??.??"]
[EventType "blitz"]

1. e4 e5 2. Nf3 Nc6 3. c3 Bc5 4. d4 exd4 5. cxd4 Bb4+ 6. Nc3 d6 7. h3 Nf6 8.
Bd3 Be6 9. d5 O-O 10. dxe6 fxe6 11. O-O Nh5 12. Bg5 Qe8 13. a3 Bc5 14. b4 Bb6
15. b5 Ne7 16. e5 Nf5 17. g4 Nfg3 18. gxh5 Qxh5 19. Be3 Qxh3 20. Nh2 Nxf1 21.
Bxf1 Qh4 22. Bxb6 axb6 23. Qe2 Rf5 24. Nf3 Qg4+ 25. Bg2 dxe5 26. Nxe5 Qxe2 27.
Nxe2 Rxe5 28. Bxb7 Rb8 29. Bf3 Rxb5 30. Nc3 Rb2 31. Rc1 c5 32. Ne4 g6 33. Bg4
Kf7 34. Nd6+ Kf6 35. Nc4 Ra2 36. Re1 Re8 37. Nd6 Re7 38. f4 Rxa3 39. Ne4+ Kg7
40. Ng5 Rg3+ 41. Kf2 Rxg4 42. Nxe6+ Kh6 43. Kf3 Rh4 44. Re4 Rh5 45. Kg4 b5 46.
Re2 b4 47. Kg3 c4 48. f5 gxf5 49. Kf4 c3 50. Ke5 Rxe6+ 51. Kxe6 c2 52. Rxc2 b3
53. Rb2 f4 54. Rxb3 Rg5 55. Rf3 Rg6+ 56. Kf5 Rg5+ 57. Kxf4 Rg7 58. Rh3+ Kg6 0-1

[Event "FICS rated blitz game"]
[Site "FICS freechess.org"]
[Date "2018.01.27"]
[Round "?"]
[White "Tensecterror"]
[Black "laststandingking"]
[Result "1/2-1/2"]
[WhiteElo "1304"]
[BlackElo "1228"]
[PlyCount "103"]
[EventDate "2018.??.??"]
[EventType "blitz"]

1. e4 e5 2. Nf3 Nc6 3. c3 a6 4. d4 exd4 5. cxd4 d5 6. e5 f6 7. exf6 Nxf6 8. Be2
Bg4 9. h3 Bxf3 10. Bxf3 Qd6 11. O-O O-O-O 12. Nc3 Ne4 13. Nxe4 dxe4 14. Bxe4
Qxd4 15. Qg4+ Kb8 16. Be3 Qf6 17. Bg5 h5 18. Qg3 h4 19. Qg4 Ne5 20. Bxf6 Nxg4
21. Bxd8 Bd6 22. Bg5 Bh2+ 23. Kh1 Re8 24. Bf3 Nxf2+ 25. Rxf2 Bg3 26. Rd2 b5 27.
Rd4 c5 28. Rd7 a5 29. Rxg7 c4 30. Rh7 b4 31. Bxh4 Bxh4 32. Rxh4 c3 33. bxc3
bxc3 34. Rb1+ Kc7 35. Rh7+ Kd6 36. Rb5 c2 37. Rb6+ Ke5 38. Rc6 Rb8 39. Rxc2
Rb1+ 40. Kh2 Kf4 41. Rh4+ Ke3 42. Rc5 Kf2 43. Rxa5 Re1 44. a4 Rg1 45. Ra8 Kf1
46. a5 Rh1+ 47. Kg3 Rg1 48. Re8 Rh1 49. a6 Rh2 50. a7 Rxg2+ 51. Bxg2+ Kg1 52.
a8=Q 1/2-1/2

[Event "FICS rated blitz game"]
[Site "FICS freechess.org"]
[Date "2018.01.27"]
[Round "?"]
[White "capricornus"]
[Black "manfredw"]
[Result "1/2-1/2"]
[WhiteElo "1372"]
[BlackElo "1258"]
[PlyCount "64"]
[EventDate "2018.??.??"]
[EventType "blitz"]

1. e4 e5 2. Nf3 Nc6 3. c3 Nge7 4. d3 h6 5. b4 Ng6 6. b5 Nce7 7. Bb2 a6 8. a4 c6
9. c4 d6 10. Be2 Be6 11. Nbd2 f5 12. exf5 Nxf5 13. Ne4 Be7 14. O-O O-O 15. bxc6
bxc6 16. Bc3 c5 17. a5 Qd7 18. Qd2 Nd4 19. Qd1 Nf4 20. Bxd4 exd4 21. Re1 Bg4
22. Qd2 Nxe2+ 23. Rxe2 Bxf3 24. gxf3 Qh3 25. Ng3 Bg5 26. Qe1 Rxf3 27. Re8+ Rxe8
28. Qxe8+ Rf8 29. Qe4 Rf4 30. Qe8+ Rf8 31. Qe4 Rf4 32. Qe8+ Rf8 1/2-1/2

[Event "FICS rated blitz game"]
[Site "FICS freechess.org"]
[Date "2018.01.27"]
[Round "?"]
[White "Uddo"]
[Black "ZonaGrad"]
[Result "1-0"]
[WhiteElo "1472"]
[BlackElo "1504"]
[PlyCount "91"]
[EventDate "2018.??.??"]
[EventType "blitz"]

1. e4 e5 2. Nf3 Nc6 3. c3 Bc5 4. d4 exd4 5. cxd4 Bb6 6. Nc3 d6 7. Bb5 Bd7 8.
O-O a6 9. Ba4 Nge7 10. Be3 O-O 11. Rc1 Ng6 12. a3 Nce7 13. Bc2 Bg4 14. Bb1 Nc6
15. h3 Bxf3 16. Qxf3 Nxd4 17. Bxd4 Bxd4 18. Rcd1 Bb6 19. Nd5 Bc5 20. Nf4 Nxf4
21. Qxf4 Re8 22. Rfe1 Re5 23. Qg4 Qf6 24. Rd2 Rae8 25. b4 Bb6 26. Kh1 Rg5 27.
Qe2 Ree5 28. Rf1 Qg6 29. f4 Rxe4 30. Bxe4 Qe6 31. fxg5 c6 32. Bf5 Qxe2 33. Rxe2
g6 34. Bc8 Bd4 35. Bxb7 c5 36. Bxa6 cxb4 37. axb4 Be5 38. Rxe5 dxe5 39. b5 Kg7
40. b6 f5 41. gxf6+ Kh6 42. b7 Kg5 43. f7 Kh4 44. f8=Q Kg3 45. Rf3+ Kh4 46.
Qh6# {Black checkmated} 1-0

[Event "FICS rated standard game"]
[Site "FICS freechess.org"]
[Date "2018.01.27"]
[Round "?"]
[White "proximab"]
[Black "cidokom"]
[Result "1-0"]
[WhiteElo "2174"]
[BlackElo "1981"]
[PlyCount "75"]
[EventDate "2018.??.??"]

1. e4 e5 2. Nf3 Nc6 3. c3 d6 4. d4 exd4 5. cxd4 Nf6 6. d5 Ne5 7. Be2 Nxf3+ 8.
Bxf3 Be7 9. Nc3 O-O 10. Be3 Nd7 11. Qc2 Ne5 12. Qe2 f5 13. O-O-O Bg5 14. Rdf1
c6 15. dxc6 bxc6 16. exf5 Nxf3 17. Qxf3 d5 18. g4 Bf6 19. Bc5 Rf7 20. Re1 Rb7
21. Qe3 Bd7 22. Bd4 Rab8 23. b3 Rb4 24. Rd1 Bxd4 25. Rxd4 Qa5 26. Rhd1 Qa3+ 27.
Kc2 a5 28. Qc1 Qxc1+ 29. Kxc1 a4 30. Nxa4 R4b5 31. Re1 Kf8 32. h3 Be8 33. f6
gxf6 34. Rf4 Kg7 35. Re6 c5 36. Nc3 Ra5 37. Re7+ Bf7 38. Nxd5 1-0

[Event "FICS rated blitz game"]
[Site "FICS freechess.org"]
[Date "2018.01.27"]
[Round "?"]
[White "fusjstone"]
[Black "fluters"]
[Result "0-1"]
[WhiteElo "1667"]
[BlackElo "1734"]
[PlyCount "46"]
[EventDate "2018.??.??"]
[EventType "blitz"]

1. e4 e5 2. Nf3 Nc6 3. c3 Nf6 4. Bd3 Bc5 5. O-O O-O 6. Bc2 d5 7. exd5 Nxd5 8.
d4 exd4 9. cxd4 Bd6 10. Bxh7+ Kxh7 11. Ng5+ Kg6 12. h4 Rh8 13. Qf3 Nf6 14. Nc3
Rxh4 15. g3 Bg4 16. Qg2 Rh5 17. f4 Nxd4 18. Be3 Nf5 19. Bd2 Bc5+ 20. Rf2 Qxd2
21. Nge4 Nxe4 22. Nxe4 Bxf2+ 23. Nxf2 Qe3 0-1

[Event "FICS rated blitz game"]
[Site "FICS freechess.org"]
[Date "2018.01.27"]
[Round "?"]
[White "mohdriaz"]
[Black "justjim"]
[Result "0-1"]
[WhiteElo "1275"]
[BlackElo "1405"]
[PlyCount "56"]
[EventDate "2018.??.??"]
[EventType "blitz"]

1. e4 e5 2. Nf3 Nc6 3. c3 Nf6 4. Bc4 Be7 5. Bxf7+ Kxf7 6. Qb3+ Ke8 7. Ng5 d5 8.
exd5 Qxd5 9. c4 Qxg2 10. Rf1 Nd4 11. Qd1 Bg4 12. f3 Nxf3+ 13. Nxf3 Bxf3 14.
Rxf3 Rf8 15. Rf2 Qg1+ 16. Rf1 Qxh2 17. d3 Qh4+ 18. Kd2 Rd8 19. Kc2 e4 20. d4 e3
21. Bxe3 Ne4 22. Rxf8+ Kxf8 23. Qd3 Kg8 24. Nd2 Nc5 25. Qc3 Ne4 26. Qd3 Nxd2
27. Qxd2 a5 28. Rg1 Bf6 0-1

[Event "FICS rated blitz game"]
[Site "FICS freechess.org"]
[Date "2018.01.27"]
[Round "?"]
[White "fusjstone"]
[Black "Matemax"]
[Result "1-0"]
[WhiteElo "1717"]
[BlackElo "1563"]
[PlyCount "51"]
[EventDate "2018.??.??"]
[EventType "blitz"]

1. e4 e5 2. Nf3 Nc6 3. c3 Bc5 4. d4 exd4 5. cxd4 Bb4+ 6. Nc3 d5 7. exd5 Qxd5 8.
Bd2 Qa5 9. Be2 Nge7 10. O-O O-O 11. a3 Bxc3 12. bxc3 Qf5 13. c4 Bd7 14. d5 Ne5
15. Nd4 Qe4 16. Bc3 Nf5 17. Bd3 Nxd3 18. Nxf5 Qxf5 19. Qd2 Nc5 20. Qd4 Qf6 21.
Qe3 Qg6 22. Qxc5 Bh3 23. g3 Qe4 24. f3 Qc2 25. Qd4 Qxc3 26. Qxc3 {Black resigns
} 1-0

[Event "FICS rated blitz game"]
[Site "FICS freechess.org"]
[Date "2018.01.27"]
[Round "?"]
[White "atez"]
[Black "Tcpuig"]
[Result "1-0"]
[WhiteElo "1364"]
[BlackElo "1303"]
[PlyCount "33"]
[EventDate "2018.??.??"]
[EventType "blitz"]

1. e4 e5 2. c3 Nc6 3. Nf3 Bc5 4. Bc4 Nf6 5. O-O Nxe4 6. d4 exd4 7. cxd4 Bb4 8.
a3 Ba5 9. b4 Bb6 10. Re1 f5 11. Nbd2 Nxd4 12. Nxe4 Nxf3+ 13. Qxf3 fxe4 14.
Rxe4+ Qe7 15. Rxe7+ Kxe7 16. Qf7+ Kd8 17. Bg5# {Black checkmated} 1-0

[Event "FICS rated blitz game"]
[Site "FICS freechess.org"]
[Date "2018.01.27"]
[Round "?"]
[White "Benkh"]
[Black "jmorua"]
[Result "0-1"]
[WhiteElo "960"]
[BlackElo "1022"]
[PlyCount "96"]
[EventDate "2018.??.??"]
[EventType "blitz"]

1. e4 e5 2. Nf3 Nc6 3. c3 Nf6 4. d3 Bc5 5. b4 Bb6 6. a4 a5 7. b5 Ne7 8. Nxe5 d6
9. Nxf7 Kxf7 10. Qb3+ d5 11. e5 Ng4 12. d4 Re8 13. Bg5 c5 14. h3 c4 15. Bxc4
Nh6 16. Bxh6 gxh6 17. Bd3 Rg8 18. g4 h5 19. Bxh7 Rg7 20. Bd3 Rg5 21. f4 Rg7 22.
Qc2 hxg4 23. Rg1 gxh3 24. Rxg7+ Kxg7 25. Qh2 Qh8 26. Nd2 Qh4+ 27. Kd1 Bg4+ 28.
Kc2 Bf5 29. Bxf5 Nxf5 30. Rg1+ Kf7 31. Nf3 Qh5 32. Ng5+ Ke7 33. Nxh3 Bxd4 34.
cxd4 Nxd4+ 35. Kd3 Nf3 36. Rg7+ Ke6 37. Ng5+ Qxg5 38. Qh3+ Qf5+ 39. Qxf5+ Kxf5
40. Rf7+ Kg4 41. Ke3 Nh4 42. e6 Nf5+ 43. Kd3 Nd6 44. Rd7 Nf5 45. e7 Nxe7 46.
Rxe7 Rc8 47. Rf7 Kf3 48. f5 Rc4 0-1

[Event "FICS rated blitz game"]
[Site "FICS freechess.org"]
[Date "2018.01.27"]
[Round "?"]
[White "TheOffice"]
[Black "ADJUSTOR"]
[Result "0-1"]
[WhiteElo "1929"]
[BlackElo "1892"]
[PlyCount "70"]
[EventDate "2018.??.??"]
[EventType "blitz"]

1. e4 e5 2. Nf3 Nc6 3. c3 d6 4. d4 Bg4 5. Be2 Be7 6. Qb3 Rb8 7. d5 Na5 8. Qa4+
c6 9. b4 Bxf3 10. Bxf3 Nc4 11. dxc6 b5 12. Qxa7 Qc8 13. a4 bxa4 14. Rxa4 Bd8
15. Ra6 Bb6 16. Qd7+ Qxd7 17. cxd7+ Kxd7 18. Bg4+ Kc7 19. Be2 d5 20. exd5 Nd6
21. Be3 Ne7 22. Bxb6+ Rxb6 23. Rxb6 Kxb6 24. c4 Ndf5 25. Nc3 Ra8 26. c5+ Kc7
27. Kd2 Kd8 28. b5 Nd4 29. Bc4 Ra3 30. Rb1 Kc8 31. c6 Nef5 32. b6 Nd6 33. b7+
Nxb7 34. Rxb7 Nf5 35. Ne4 Ra4 0-1

[Event "FICS rated blitz game"]
[Site "FICS freechess.org"]
[Date "2018.01.27"]
[Round "?"]
[White "garmin"]
[Black "emmasam"]
[Result "0-1"]
[WhiteElo "1404"]
[BlackElo "1450"]
[PlyCount "84"]
[EventDate "2018.??.??"]
[EventType "blitz"]

1. e4 e5 2. c3 Nc6 3. Nf3 Nf6 4. d3 Bc5 5. Nbd2 d6 6. b4 Bb6 7. b5 Ne7 8. a4 a6
9. bxa6 bxa6 10. Nc4 Be6 11. Nxb6 cxb6 12. Be2 Ng6 13. O-O d5 14. Bg5 dxe4 15.
Bxf6 Qxf6 16. dxe4 O-O 17. Qc1 Nf4 18. Qe3 Nxe2+ 19. Qxe2 Rac8 20. Rfc1 Bg4 21.
Qxa6 Bxf3 22. gxf3 Qxf3 23. Qxb6 Qxe4 24. Qe3 Qxe3 25. fxe3 Rc4 26. Kf2 Rfc8
27. a5 Rxc3 28. Rxc3 Rxc3 29. a6 Rc8 30. a7 Ra8 31. e4 f6 32. Ke3 Kf7 33. Kd3
g5 34. Kc4 Kg6 35. h3 h5 36. Kc5 f5 37. exf5+ Kxf5 38. Kb6 g4 39. Kb7 Rxa7+ 40.
Kxa7 gxh3 41. Ra6 h2 42. Ra2 h1=Q {White resigns} 0-1

[Event "FICS rated standard game"]
[Site "FICS freechess.org"]
[Date "2018.01.27"]
[Round "?"]
[White "mesli"]
[Black "Kartteekeya"]
[Result "1-0"]
[WhiteElo "1736"]
[BlackElo "1371"]
[PlyCount "113"]
[EventDate "2018.??.??"]

1. e4 e5 2. Nf3 Nc6 3. c3 Bc5 4. a3 a6 5. d4 exd4 6. cxd4 Bd6 7. e5 Be7 8. d5
Nb8 9. Bc4 d6 10. O-O dxe5 11. Nxe5 Bf6 12. f4 Bxe5 13. fxe5 f6 14. Qe2 fxe5
15. Qxe5+ Qe7 16. Re1 Qxe5 17. Rxe5+ Kd7 18. Bf4 c6 19. Nc3 cxd5 20. Bxd5 Nc6
21. Be6+ Kd6 22. Rd1+ Kc7 23. Rf5+ Kb6 24. Rf8 Ka7 25. Be3+ b6 26. Rxc8 Rxc8
27. Bxc8 Nf6 28. Bf5 Re8 29. Bf2 g6 30. Bd7 Nxd7 31. Rxd7+ Kb8 32. Bxb6 Re1+
33. Kf2 Rh1 34. Rxh7 g5 35. g3 g4 36. Kg2 Re1 37. h4 gxh3+ 38. Rxh3 Ne5 39. Bf2
Rc1 40. Bd4 Rc2+ 41. Kf1 Nd3 42. b4 Rc1+ 43. Ke2 Ne1 44. Kd2 Ra1 45. Rh7 Nf3+
46. Ke3 Nxd4 47. Kxd4 Rxa3 48. g4 Ra1 49. g5 Rg1 50. Ne4 Rd1+ 51. Kc5 Rc1+ 52.
Kb6 Rc4 53. Nd6 Rxb4+ 54. Kxa6 Ra4+ 55. Kb6 Rb4+ 56. Nb5 Rg4 57. Rh8# {Black
checkmated} 1-0

[Event "FICS rated blitz game"]
[Site "FICS freechess.org"]
[Date "2018.01.27"]
[Round "?"]
[White "BiH"]
[Black "frac"]
[Result "0-1"]
[WhiteElo "1609"]
[BlackElo "1672"]
[PlyCount "50"]
[EventDate "2018.??.??"]
[EventType "blitz"]

1. e4 e5 2. Nf3 Nc6 3. c3 d5 4. Qa4 f6 5. Bb5 Nge7 6. exd5 Qxd5 7. d4 e4 8. c4
Qd8 9. Nfd2 Kf7 10. d5 Ne5 11. Nxe4 a6 12. d6 Bf5 13. dxe7 Bxe7 14. O-O axb5
15. Qc2 bxc4 16. Nbc3 Qd3 17. Qxd3 Nxd3 18. Be3 b5 19. Nxb5 Bxe4 20. Nxc7 Rac8
21. Nb5 Nxb2 22. Bd4 Bd3 23. Bxb2 Rc5 24. Nc3 Bxf1 25. Kxf1 Rd8 0-1

[Event "FICS rated blitz game"]
[Site "FICS freechess.org"]
[Date "2018.01.27"]
[Round "?"]
[White "SargonV"]
[Black "Klonkku"]
[Result "1-0"]
[WhiteElo "1546"]
[BlackElo "1468"]
[PlyCount "61"]
[EventDate "2018.??.??"]
[EventType "blitz"]

1. e4 e5 2. Nf3 Nc6 3. c3 Bc5 4. d4 exd4 5. cxd4 Bb6 6. d5 Nce7 7. d6 cxd6 8.
Nc3 Bc7 9. Bc4 Nf6 10. Qb3 O-O 11. Ng5 Qe8 12. O-O h6 13. Nf3 a6 14. Bf4 b5 15.
Bd3 Bb7 16. Rac1 Rc8 17. Rfd1 Ng6 18. Bg3 Nxe4 19. Nxe4 Bxe4 20. Re1 d5 21.
Rxc7 Rxc7 22. Bxc7 Qc8 23. Bd6 Bxd3 24. Qxd3 Re8 25. Rxe8+ Qxe8 26. g3 Qe6 27.
Bb4 Ne5 28. Nxe5 Qxe5 29. Bc3 Qh5 30. Qd4 Qf3 31. Qxg7# {Black checkmated} 1-0

[Event "FICS rated blitz game"]
[Site "FICS freechess.org"]
[Date "2018.01.27"]
[Round "?"]
[White "TheOffice"]
[Black "ADJUSTOR"]
[Result "0-1"]
[WhiteElo "1948"]
[BlackElo "1873"]
[PlyCount "64"]
[EventDate "2018.??.??"]
[EventType "blitz"]

1. e4 e5 2. Nf3 Nc6 3. c3 Be7 4. d4 d6 5. Bb5 Bd7 6. O-O h6 7. h3 Nf6 8. d5 Nb8
9. Bd3 c5 10. a4 a6 11. Nbd2 O-O 12. Nc4 Qc7 13. a5 Bb5 14. Nb6 Ra7 15. c4 Be8
16. Be3 Nbd7 17. b4 Nxb6 18. axb6 Qxb6 19. bxc5 dxc5 20. Nxe5 Nh7 21. f4 Bf6
22. g4 Qd6 23. Ra2 b6 24. Nf3 Bd8 25. e5 Qc7 26. h4 f6 27. d6 Qb7 28. e6 Bc6
29. Qb1 g5 30. d7 Bxf3 31. Bxh7+ Kh8 32. Qg6 Bxg4 0-1

[Event "FICS rated blitz game"]
[Site "FICS freechess.org"]
[Date "2018.01.27"]
[Round "?"]
[White "montanya"]
[Black "cyranodebergerac"]
[Result "0-1"]
[WhiteElo "1390"]
[BlackElo "1390"]
[PlyCount "64"]
[EventDate "2018.??.??"]
[EventType "blitz"]

1. e4 e5 2. Nf3 Nc6 3. c3 d6 4. Bc4 Be7 5. b4 a6 6. Qa4 Bd7 7. b5 axb5 8. Qxb5
Na5 9. Qb4 d5 10. Qb2 Nxc4 11. Qxb7 Nf6 12. Nxe5 Nxe5 13. exd5 O-O 14. O-O Nd3
15. c4 Ne4 16. Nc3 Nxc3 17. a4 Nxa4 18. Ba3 Bxa3 19. Rxa3 Nab2 20. Rxa8 Qxa8
21. Qxc7 Qc8 22. Qd6 Nxc4 23. Qe7 Re8 24. Qg5 f6 25. Qh4 Re1 26. Rxe1 Nxe1 27.
h3 Nxd2 28. Qd4 Qc1 29. Kh2 Nf1+ 30. Kg1 Nc2 31. Qc4 Nd2+ 32. Kh2 Nxc4 0-1

[Event "FICS unrated blitz game"]
[Site "FICS freechess.org"]
[Date "2018.01.27"]
[Round "?"]
[White "KunalDas"]
[Black "kobol"]
[Result "0-1"]
[WhiteElo "1584"]
[BlackElo "1643"]
[PlyCount "96"]
[EventDate "2018.??.??"]
[EventType "blitz"]

1. e4 e5 2. Nf3 Nc6 3. c3 Nf6 4. d4 exd4 5. e5 Ne4 6. cxd4 d5 7. Bd3 Bb4+ 8.
Nbd2 Nxd2 9. Bxd2 Bxd2+ 10. Qxd2 Bg4 11. Be2 O-O 12. O-O f6 13. h3 Bh5 14. Rac1
fxe5 15. Nxe5 Nxe5 16. Bxh5 Nc4 17. Qc3 Qg5 18. Be2 c6 19. Bxc4 dxc4 20. Qxc4+
Kh8 21. Rce1 Rf6 22. Qc3 Rg6 23. g3 h5 24. Qe3 Qf5 25. Qe4 Qg5 26. h4 Qf6 27.
Kh2 Rg4 28. Qe5 Rxd4 29. Qxf6 gxf6 30. Re2 Rad8 31. Kg2 R8d7 32. Rfe1 Kg7 33.
Re7+ Kg6 34. Rxd7 Rxd7 35. Re2 c5 36. b3 b5 37. f4 Kf5 38. a4 bxa4 39. bxa4 c4
40. Rc2 Rc7 41. Kf3 c3 42. a5 a6 43. Ke3 Kg4 44. Kf2 Rc5 45. Kg2 Rxa5 46. Rxc3
Ra2+ 47. Kf1 a5 48. Ke1 Rg2 {White resigns} 0-1